Geography Quiz

Random Geography or Blitz Quiz

2 Border Blitz Quiz Stats

Quiz Updated Dec 10, 2015

Also try: 4-Border Countries
Challenge
Share
Tweet
Embed
Score 0/54 Timer 02:00
3 Plays Today
% Correct
France
94.4%
India
93.9%
India
93.9%
India
93.9%
Spain
92%
Mexico
91.8%
Mexico
91.8%
China
90.8%
China
90.8%
China
90.8%
Russia
85.6%
Russia
85.6%
Saudi Arabia
80%
Saudi Arabia
80%
Saudi Arabia
80%
Germany
77.7%
Colombia
75.6%
Colombia
75.6%
Guatemala
75.2%
Guatemala
75.2%
Honduras
73.6%
Honduras
73.6%
Panama
73.4%
Nicaragua
71.6%
Latvia
71.3%
Belgium
70.4%
Peru
68.3%
% Correct
Brazil
66.3%
Iraq
66%
Switzerland
64.4%
Canada
64.4%
Israel
64.3%
Finland
64.3%
Costa Rica
64%
Costa Rica
64%
Norway
63.9%
Syria
60.5%
Austria
59.5%
Myanmar
58.6%
Guinea
55.5%
Guinea
55.5%
Oman
54.8%
Oman
54.8%
Argentina
54.3%
South Africa
53.7%
Algeria
50.8%
Libya
48.2%
Ukraine
47.7%
Romania
46.9%
Cameroon
37.7%
Gabon
37.4%
Senegal
35.1%
Mozambique
35.1%
Liberia
33.3%

You're not logged in!

Compare scores with friends on all Sporcle quizzes.
Join for Free
OR
Log In

You Might Also Like...

Show Comments

Extras

Top Quizzes Today


Score Distribution

Your Account Isn't Verified!

In order to create a playlist on Sporcle, you need to verify the email address you used during registration. Go to your Sporcle Settings to finish the process.

Report this User

Report this user for behavior that violates our Community Guidelines.

Details: